000 01378nmc a2200433 a 4500
003 AR-BaBNM
005 20251128210219.0
008 011101s1997 ||||||||||||||000 | spa||
020 _a950-701-305-9
040 _cAR-BaBNM
245 1 0 _aEstrategias para enseñar a aprender
_bun enfoque cognitivo para todas las áreas y niveles
250 _a2ª ed.
260 _aBuenos Aires
_bAique
_c1997
300 _a227 p.
_btablas, diagr.
490 0 _aEstrategias de aula
504 _aContiene bibliografía al final de cada capítulo
650 4 _aPROCESO DE APRENDIZAJE
650 4 _aTECNICAS DIDACTICAS
650 4 _aMETODOS DE ENSENANZA
650 4 _aPARTICIPACION DEL ALUMNO
650 4 _aPROYECTOS DEL ALUMNO
650 4 _aROL DEL DOCENTE
650 4 _aENSENANZA DE LAS MATEMATICAS
650 4 _aENSENANZA DE LAS CIENCIAS SOCIALES
653 _aCONSTRUCTIVISMO
653 _aAPRENDER A APRENDER
653 _aEDUCACION PRIMARIA
653 _aCOGNITIVISMO
653 _aPSICOLOGIA COGNITIVA
653 _aENSENANZA DE LA LITERATURA
700 1 _aJones, Beau Fly
_ecompilador
700 1 _aPalincsar, Annemarie Sullivan
_ecompilador
700 0 _aOgle Donna Sederburg
_ecompilador
700 1 _aCarr, Eileen Glynn
_ecompilador
700 1 _aWald, Miguel
_etraductor
700 1 _aMarín, Marta
_erevisión
942 _cBK
998 _cRaquel
999 _c14534
_d14534